000
00316nam a2200121Ia 4500
005
20251222144634.0
008
251222s9999||||xx |||||||||||||| ||spa||
082
_a
267.4/T14
100
_a
Tagliaferri, Mario
245
0
_a
La Vida Religiosa:
264
_b
Secretariado de la Comisión Mixta de Obispos
942
_c
LIB
999
_c
16409
_d
16409